000 00816cam a22002893a 4500
001 3146
003 PGUSA
005 20140828083026.0
008 020301s2002||||xxu|||||s|||||000 1 eng d
040 _aPGUSA
_beng
042 _adc
050 4 _aPR
100 1 _aHardy, Thomas,
_d1840-1928
245 1 0 _aTwo on a Tower
_h[electronic resource] /
_cThomas Hardy
260 _bProject Gutenberg,
_c2002
506 _aPublic domain in the USA.
516 _aElectronic text
653 _aSocial classes -- Fiction
653 _aAdultery -- Fiction
653 _aLove stories
653 _aWessex (England) -- Fiction
653 _aAstronomical observatories -- Fiction
653 _aDidactic fiction
830 0 _aProject Gutenberg
_v3146
856 4 0 _uhttp://www.gutenberg.org/ebooks/3146
942 _cEB
999 _c232475
_d232475